[Event "ECC"]
[Site "Rethymnon GRE"]
[Date "2003.09.29"]
[Round "2"]
[White "Golod,V"]
[Black "Dishman,S"]
[Result "1-0"]
[WhiteElo "2555"]
[BlackElo "2323"]
[EventDate "2003.09.28"]

1. e4 c5 2. Nf3 Nc6 3. d4 cxd4 4. Nxd4 g6 5. c4 Bg7 6. Be3 Nf6 7. Nc3 O-O
8. Be2 d6 9. O-O Bd7 10. Qd2 Nxd4 11. Bxd4 Bc6 12. f3 Nd7 13. Be3 a5 14. b3
Nc5 15. Rab1 Qb6 16. Rfc1 Rfc8 17. Rc2 Qd8 18. Bf1 h5 19. Nd5 e6 20. Nf4
Qe7 21. a3 a4 22. b4 Nb3 23. Qf2 Kh7 24. Rd1 Bh6 25. Rc3 e5 26. Nd5 Bxd5
27. exd5 Bxe3 28. Rxe3 Qf6 29. f4 Re8 30. fxe5 Qxf2+ 31. Kxf2 dxe5 32. d6
Nd4 33. c5 Nf5 34. Re4 f6 35. b5 Red8 36. d7 Ne7 37. Be2 Kg7 38. Rc4 Ra7
39. Bf3 b6 40. cxb6 Raxd7 41. Rxd7 Rxd7 42. b7 Rd2+ 43. Ke1 Rd8 44. Rxa4
1-0

[Event "ECC"]
[Site "Rethymnon GRE"]
[Date "2003.09.29"]
[Round "2"]
[White "Taylor,P"]
[Black "Vydeslaver,Ali"]
[Result "0-1"]
[WhiteElo "2031"]
[BlackElo "2449"]
[EventDate "2003.09.28"]

1. c4 e5 2. g3 Nf6 3. Bg2 h6 4. d3 Bc5 5. Nf3 Nc6 6. O-O O-O 7. Nc3 Re8 8.
a3 a5 9. b3 d6 10. Bb2 Bg4 11. h3 Bh5 12. Rc1 Qd7 13. Kh2 Rad8 14. Nd2 Ba7
15. Qe1 Bg6 16. Nd5 Nh7 17. b4 axb4 18. axb4 Bd4 19. Ba1 Bxa1 20. Rxa1 Nd4
21. Qd1 c6 22. Nc3 f5 23. e3 Ne6 24. f4 Nf6 25. Nb3 Ra8 26. Qd2 exf4 27.
exf4 Bf7 28. Qf2 Rxa1 29. Rxa1 Nd8 30. Re1 Rxe1 31. Qxe1 b6 32. Nd2 d5 33.
Qf2 dxc4 34. dxc4 Qd3 35. Nd1 Ne4 36. Bxe4 fxe4 37. Qe3 Bxc4 38. Qxd3 Bxd3
39. Kg2 Ne6 40. Kf2 Nd4 41. Nc3 Nc2 42. Ndxe4 Bxe4 43. Nxe4 Nxb4 44. Nd6
Nd5 45. Kf3 b5 46. Ke4 b4 47. Kd4 b3 48. Nc4 h5 49. Nb2 Kf7 50. Kc4 Ke6 51.
Kxb3 Kf5 52. Nd3 Ke4 53. Ne5 Ne7 54. Kc4 Nf5 55. g4 Ne3+ 56. Kc5 Nxg4 57.
hxg4 h4 58. Nf7 Kxf4 59. Kd4 h3 0-1

[Event "ECC"]
[Site "Rethymnon GRE"]
[Date "2003.09.29"]
[Round "2"]
[White "Tkachiev,V"]
[Black "Goloshchapov,A"]
[Result "0-1"]
[WhiteElo "2654"]
[BlackElo "2574"]
[EventDate "2003.09.28"]

1. d4 d5 2. c4 e6 3. Nf3 Nf6 4. g3 dxc4 5. Bg2 c6 6. Ne5 Bb4+ 7. Bd2 Qxd4
8. Bxb4 Qxe5 9. Na3 b5 10. Bd6 Qxb2 11. O-O Nd5 12. e4 Nc3 13. Qh5 Nd7 14.
e5 Bb7 15. Qg5 f6 16. exf6 O-O-O 17. fxg7 Rhg8 18. Qe3 Ne2+ 19. Kh1 Qd4 20.
Bb4 Qxe3 21. fxe3 Ne5 22. Rae1 Nd3 23. Ba5 Nxe1 24. Bxd8 Nxg2 25. Rf6 Nxe3
26. Ba5 Kd7 27. Rf7+ Kd6 28. Rxb7 Nf5 29. Rxa7 Rxg7 30. Ra6 Nfd4 31. Nb1
Kd5 32. Kg2 Rf7 33. a3 Ke4 34. a4 Kd3 35. axb5 cxb5 36. Bb4 c3 37. Ra3 Nc2
0-1

[Event "ECC"]
[Site "Rethymnon GRE"]
[Date "2003.09.29"]
[Round "2"]
[White "Roeder,M"]
[Black "Nedev,T"]
[Result "1/2-1/2"]
[WhiteElo "2451"]
[BlackElo "2480"]
[EventDate "2003.09.28"]

1. d4 Nf6 2. c4 g6 3. Nc3 d5 4. Bf4 Bg7 5. e3 O-O 6. Nf3 c5 7. dxc5 Qa5 8.
Rc1 dxc4 9. Bxc4 Qxc5 10. Bb3 Nc6 11. O-O Qa5 12. h3 Bf5 13. Qe2 Ne4 14.
Nd5 e5 15. Bh2 Nc5 16. Bc4 e4 17. Nd4 Nxd4 18. exd4 Nd3 19. Rcd1 Kh8 20.
Ne3 Rad8 21. Nxf5 Qxf5 22. Bxd3 exd3 23. Rxd3 Rxd4 1/2-1/2

[Event "ECC"]
[Site "Rethymnon GRE"]
[Date "2003.09.29"]
[Round "2"]
[White "Stanojoski,Z"]
[Black "Welling,G"]
[Result "1-0"]
[WhiteElo "2496"]
[BlackElo "2391"]
[EventDate "2003.09.28"]

1. e4 Nc6 2. Nf3 e5 3. Bb5 Nf6 4. O-O d6 5. Re1 Be7 6. d4 Bd7 7. c3 O-O 8.
Nbd2 Nxd4 9. cxd4 Bxb5 10. Qb3 Ba6 11. dxe5 Nd7 12. exd6 Bxd6 13. Nc4 Nc5
14. Qc2 Be7 15. Rd1 Qc8 16. Ne3 Re8 17. b4 Ne6 18. Rb1 b6 19. Nf5 c5 20. b5
Bb7 21. Bb2 Bf8 22. Re1 a6 23. Qc3 f6 24. e5 Bxf3 25. exf6 Bg4 26. fxg7
Bxg7 27. Nxg7 1-0

[Event "ECC"]
[Site "Rethymnon GRE"]
[Date "2003.09.29"]
[Round "2"]
[White "Schulz,KJ"]
[Black "Jacimovic,D"]
[Result "1-0"]
[WhiteElo "2380"]
[BlackElo "2446"]
[EventDate "2003.09.28"]

1. e4 e6 2. d4 d5 3. Nd2 Nf6 4. e5 Nfd7 5. c3 c5 6. Bd3 Nc6 7. Ne2 cxd4 8.
cxd4 f6 9. exf6 Qxf6 10. Nf3 h6 11. O-O Bd6 12. Bd2 O-O 13. Bc3 a6 14. Ng3
Rd8 15. Qe2 Nf8 16. Ne5 Qh4 17. f4 Bd7 18. a3 Be8 19. Rae1 Rac8 20. Qe3
Bxe5 21. fxe5 Qg5 22. Qf3 Ng6 23. Ne2 Rd7 24. Qh3 Re7 25. Rf2 Qh4 26. Qe3
Rf7 27. g3 Qg5 28. Qxg5 hxg5 29. Bd2 Rxf2 30. Kxf2 g4 31. Ke3 Nce7 32. Rc1
Rxc1 33. Nxc1 Bb5 34. Bc2 Bc4 35. Bb4 Kf7 36. b3 Bb5 1-0

[Event "ECC"]
[Site "Rethymnon GRE"]
[Date "2003.09.29"]
[Round "2"]
[White "Stojanovski,D"]
[Black "Sonntag,HH"]
[Result "1/2-1/2"]
[WhiteElo "2440"]
[BlackElo "2380"]
[EventDate "2003.09.28"]

1. e4 e5 2. Nf3 Nc6 3. d4 exd4 4. Nxd4 Nf6 5. Nxc6 bxc6 6. e5 Qe7 7. Qe2
Nd5 8. c4 Nb6 9. b3 Qe6 10. Nd2 d5 11. exd6 cxd6 12. Bb2 Bd7 13. O-O-O Qxe2
14. Bxe2 f6 15. Ne4 d5 16. cxd5 Nxd5 17. Bc4 Be6 18. Nc3 O-O-O 19. Rhe1 Bf7
20. Nxd5 Bxd5 21. Bxd5 cxd5 22. Rd3 Kb7 23. Red1 Kc6 24. Rc3+ Kb7 25. Rcd3
Kc6 1/2-1/2

[Event "ECC"]
[Site "Rethymnon GRE"]
[Date "2003.09.29"]
[Round "2"]
[White "Portisch,L"]
[Black "Azarov,S"]
[Result "1/2-1/2"]
[WhiteElo "2586"]
[BlackElo "2530"]
[EventDate "2003.09.28"]

1. d4 Nf6 2. c4 e6 3. Nf3 b6 4. g3 Ba6 5. b3 Bb4+ 6. Bd2 Be7 7. Bg2 c6 8.
Bc3 d5 9. Nbd2 Nbd7 10. O-O O-O 11. Rc1 c5 12. Bb2 Rc8 13. Rc2 b5 14. dxc5
bxc4 1/2-1/2

[Event "ECC"]
[Site "Rethymnon GRE"]
[Date "2003.09.29"]
[Round "2"]
[White "Zhigalko,A"]
[Black "Sax,G"]
[Result "1-0"]
[WhiteElo "2466"]
[BlackElo "2521"]
[EventDate "2003.09.28"]

1. e4 c5 2. Nf3 e6 3. d4 cxd4 4. Nxd4 Nf6 5. Nc3 d6 6. Be3 Nc6 7. Qd2 Be7
8. f3 O-O 9. O-O-O d5 10. exd5 Nxd5 11. Nxd5 exd5 12. Bb5 Qc7 13. Rhe1 Bf6
14. Kb1 Bd7 15. Nb3 Bf5 16. g4 Bg6 17. Bf4 Be5 18. Bxe5 Nxe5 19. Rxe5 Qxe5
20. f4 Qe6 21. f5 Bxf5 22. gxf5 Qxf5 23. Nd4 Qg4 24. Be2 Qg2 25. Qf4 Rae8
26. Bd3 g6 27. h4 h5 28. Rf1 Re7 29. a3 Rfe8 30. Ka2 a6 31. Qh6 Re4 32. Nf3
Rg4 33. Ng5 Rxg5 34. hxg5 Re6 35. Rf6 Qg4 36. Bxg6 1-0

[Event "ECC"]
[Site "Rethymnon GRE"]
[Date "2003.09.29"]
[Round "2"]
[White "Tihonov,J"]
[Black "Horvath,Ad"]
[Result "1-0"]
[WhiteElo "2382"]
[BlackElo "2503"]
[EventDate "2003.09.28"]

1. Nf3 c5 2. g3 Nc6 3. Bg2 g6 4. O-O Bg7 5. Nc3 d5 6. d3 e5 7. e4 d4 8. Nd5
Nge7 9. c4 Nxd5 10. exd5 Ne7 11. b4 cxb4 12. Qa4+ Qd7 13. Qxb4 O-O 14. Re1
Qc7 15. Ba3 Nf5 16. d6 a5 17. dxc7 axb4 18. Bxb4 Re8 19. g4 Nh6 20. Nxd4 e4
21. Bc3 Ra3 22. Bb2 Rxd3 23. Bxe4 Rd2 24. Bc3 Bxd4 25. Bxd2 Nxg4 26. Bf5
Bxf2+ 27. Kg2 Bxe1 28. Rxe1 Rf8 29. Bxc8 Rxc8 30. Bf4 g5 31. Rd1 1-0

[Event "ECC"]
[Site "Rethymnon GRE"]
[Date "2003.09.29"]
[Round "2"]
[White "Horvath,Cs1"]
[Black "Mochalov,E"]
[Result "1/2-1/2"]
[WhiteElo "2513"]
[BlackElo "2417"]
[EventDate "2003.09.28"]

1. d4 Nf6 2. c4 e6 3. Nf3 d5 4. g3 Bb4+ 5. Bd2 Be7 6. Bg2 O-O 7. O-O dxc4
8. Qa4 a6 9. Qxc4 b5 10. Qc2 Bb7 11. Rd1 Be4 12. Qc1 Bb7 13. Bf4 Nd5 14.
Nc3 Nxf4 15. Qxf4 Bd6 16. Qe3 Nd7 17. Ne4 Bxe4 18. Qxe4 Rb8 19. Rac1 Rb6
20. Ne5 Nb8 21. Qc2 Qe7 22. Be4 g6 23. e3 Rd8 24. f4 Kg7 25. Bf3 a5 26. Nd3
Na6 27. Qf2 Nb4 28. Nxb4 axb4 29. e4 Qd7 30. Qd2 Be7 31. e5 c6 32. Bxc6 Qa7
33. Qf2 Ra6 34. Bxb5 Rxa2 35. Bc4 Ra5 36. Kg2 Rd7 37. Bb3 Bd8 38. g4 Bb6
39. f5 Qa8+ 40. Qf3 Rxd4 41. Qxa8 Rxa8 42. fxe6 fxe6 43. Rxd4 Bxd4 44. Rc7+
Kh8 45. Rc4 1/2-1/2

[Event "ECC"]
[Site "Rethymnon GRE"]
[Date "2003.09.29"]
[Round "2"]
[White "Ginzburg,Mi"]
[Black "Groszpeter,A"]
[Result "0-1"]
[WhiteElo "2294"]
[BlackElo "2502"]
[EventDate "2003.09.28"]

1. e4 c5 2. Nf3 d6 3. d4 cxd4 4. Nxd4 Nf6 5. Nc3 a6 6. Be3 e5 7. Nb3 Be6 8.
f3 Be7 9. Qd2 O-O 10. O-O-O Qc7 11. g4 Rc8 12. Kb1 Nbd7 13. h4 b5 14. h5 h6
15. Rh2 Nh7 16. Nd5 Bxd5 17. Qxd5 Nb6 18. Qd2 Nc4 19. Bxc4 bxc4 20. Nc1
Rab8 21. c3 Rb5 22. Ka1 Rcb8 23. Ne2 Bg5 24. Bxg5 Nxg5 25. Ng1 Ne6 26. Nh3
Qa5 27. g5 hxg5 28. Qe3 Qa4 29. Rdd2 0-1

[Event "ECC"]
[Site "Rethymnon GRE"]
[Date "2003.09.29"]
[Round "2"]
[White "Tzermiadianos,And"]
[Black "Kuzmin,Ge"]
[Result "1-0"]
[WhiteElo "2418"]
[BlackElo "2516"]
[EventDate "2003.09.28"]

1. e4 c5 2. c3 e6 3. d4 d5 4. exd5 exd5 5. Nf3 Nc6 6. Bb5 cxd4 7. Nxd4 Bd7
8. O-O Nf6 9. Re1+ Be7 10. Qe2 Nxd4 11. cxd4 Bxb5 12. Qxb5+ Qd7 13. Qe2 Rc8
14. Bg5 Qe6 15. Nc3 Qxe2 16. Rxe2 Kd7 17. Bxf6 Bxf6 18. Nxd5 Rc4 19. Nxf6+
gxf6 20. Rae1 Rf8 21. g3 Rxd4 22. Re7+ Kc8 23. Rc1+ Kb8 24. Rcc7 Rb4 25. b3
a5 26. h4 Rd8 27. Rc5 b6 28. Rcc7 Rd2 29. Rb7+ Kc8 30. Rec7+ Kd8 31. Rxf7
Kc8 32. Rfc7+ 1-0

[Event "ECC"]
[Site "Rethymnon GRE"]
[Date "2003.09.29"]
[Round "2"]
[White "Mastrokoukos,G"]
[Black "Areshchenko,A"]
[Result "1/2-1/2"]
[WhiteElo "2363"]
[BlackElo "2542"]
[EventDate "2003.09.28"]

1. d4 Nf6 2. c4 g6 3. Nc3 d5 4. cxd5 Nxd5 5. e4 Nxc3 6. bxc3 c5 7. Bb5+ Nd7
8. a4 Bg7 9. Nf3 a6 10. Bd3 cxd4 11. cxd4 Nc5 12. Bc2 Bg4 13. Be3 Ne6 14.
d5 Bc3+ 15. Kf1 Ng7 16. Rb1 Qc7 17. h3 Bxf3 18. Qxf3 O-O 19. Bb6 Qe5 20. g3
Rac8 21. Kg2 Bd4 22. Bxd4 Qxd4 23. Qd3 Qc5 24. Bd1 Rc7 25. Bf3 Rd8 26. Rb2
Ne6 27. Rhb1 Qa5 28. Qe3 Rc3 29. Qb6 Qxb6 30. Rxb6 Nc5 31. e5 Kf8 32. d6
exd6 33. Rxd6 Rxd6 34. exd6 Rd3 35. Bxb7 Rxd6 36. a5 Nxb7 37. Rxb7 Rd5 38.
h4 h5 39. Ra7 Rxa5 40. Kf3 Kg7 41. Kg2 Kf6 42. Ra8 Ra1 43. Ra7 Ke6 44. Kf3
Kf6 45. Kg2 a5 46. Kf3 Ra3+ 47. Kg2 a4 48. Kh2 Ra2 49. Kg2 Ke6 50. Kf3 a3
51. Ke3 Ra1 52. Kf3 Kd5 53. Rxf7 Kc4 54. Ra7 Kb3 55. Kf4 Rb1 56. Kg5 a2 57.
Kxg6 a1=Q 58. Rxa1 Rxa1 59. Kxh5 Kc4 60. Kg6 Ra6+ 61. Kg7 Ra7+ 62. Kg6 Ra6+
63. Kg7 Ra7+ 64. Kg6 Ra6+ 1/2-1/2

[Event "ECC"]
[Site "Rethymnon GRE"]
[Date "2003.09.29"]
[Round "2"]
[White "Kounalakis,E"]
[Black "Ivanov,O UKR"]
[Result "0-1"]
[WhiteElo "2158"]
[BlackElo "2457"]
[EventDate "2003.09.28"]

1. d4 f5 2. c4 Nf6 3. g3 e6 4. Bg2 c6 5. Nf3 d5 6. Nc3 Bd6 7. e3 O-O 8. O-O
b6 9. b3 Qe7 10. Qc2 Bb7 11. Bb2 Ne4 12. Nd2 Nxc3 13. Bxc3 Nd7 14. f3 c5
15. Rae1 Rac8 16. Qb1 Ba6 17. e4 cxd4 18. Bxd4 Bc5 19. Qb2 fxe4 20. fxe4
dxc4 21. Nxc4 Bxc4 22. bxc4 Ne5 23. Rxf8+ Rxf8 24. Rf1 Rxf1+ 25. Kxf1 Qd6
0-1

[Event "ECC"]
[Site "Rethymnon GRE"]
[Date "2003.09.29"]
[Round "2"]
[White "Scekic,M"]
[Black "Rasik,V"]
[Result "0-1"]
[WhiteElo "2434"]
[BlackElo "2466"]
[EventDate "2003.09.28"]

1. d4 Nf6 2. c4 g6 3. f3 Bg7 4. e4 O-O 5. Be3 c6 6. Nc3 a6 7. c5 d6 8. Nge2
Nbd7 9. Nc1 b6 10. cxb6 Qxb6 11. Qd2 a5 12. b3 Ba6 13. Be2 c5 14. dxc5 Nxc5
15. Rb1 Qb4 16. Bxa6 Rxa6 17. N1e2 Rc8 18. O-O Ne6 19. Rfc1 Rac6 20. Na4
Nd7 21. Rxc6 Rxc6 22. Qxb4 axb4 23. Rc1 Ne5 24. Bd2 f5 25. exf5 gxf5 26.
Bxb4 Nd4 27. Re1 Nd3 28. Bc3 Nxe2+ 29. Rxe2 Bxc3 30. Rxe7 Bf6 0-1

[Event "ECC"]
[Site "Rethymnon GRE"]
[Date "2003.09.29"]
[Round "2"]
[White "Langner,L"]
[Black "Benderac,S"]
[Result "1-0"]
[WhiteElo "2403"]
[BlackElo "2345"]
[EventDate "2003.09.28"]

1. e4 c5 2. d4 cxd4 3. c3 d3 4. Bxd3 Nc6 5. c4 g6 6. Nf3 Bg7 7. O-O d6 8.
h3 Nf6 9. Nc3 O-O 10. Be3 Nd7 11. Rc1 Nc5 12. Bb1 Qa5 13. Nd4 Nxd4 14. Bxd4
Be6 15. Nd5 Bxd5 16. exd5 Nd7 17. Bxg7 Kxg7 18. Re1 Rfe8 19. a3 Rac8 20.
Rc3 f6 21. Rce3 Qd8 22. Qe2 Ne5 23. b3 Qa5 24. f4 Nf7 25. h4 Qxa3 26. h5
Qc5 27. hxg6 hxg6 28. Qg4 g5 29. fxg5 Nxg5 30. Kf1 Rh8 31. Rxe7+ Kf8 32.
R1e3 Rh1+ 33. Ke2 Rd8 34. Qf4 Rh6 35. Rh7 Rxh7 36. Qxf6+ Nf7 37. Qe7+ Kg8
38. Rg3+ 1-0

[Event "ECC"]
[Site "Rethymnon GRE"]
[Date "2003.09.29"]
[Round "2"]
[White "Batinic,P"]
[Black "Nedela,V"]
[Result "0-1"]
[WhiteElo "2191"]
[BlackElo "2381"]
[EventDate "2003.09.28"]

1. Nf3 g6 2. g3 b6 3. Bg2 Bb7 4. O-O Bg7 5. d4 Nf6 6. c4 O-O 7. Nc3 Ne4 8.
Ne1 Nxc3 9. bxc3 Bxg2 10. Nxg2 d6 11. e4 c5 12. f4 Nc6 13. Bb2 Qd7 14. Ne3
Na5 15. Qd3 Rac8 16. Rf2 Rc7 17. d5 Qa4 18. Qd1 Qd7 19. Qc2 Rb7 20. a4 e6
21. Re1 Re8 22. Bc1 exd5 23. cxd5 b5 24. f5 b4 25. Bb2 b3 26. Qd3 c4 27.
Nxc4 Nxc4 28. Qxc4 Rc8 29. Qf1 Qxa4 30. f6 Bf8 31. g4 Re8 32. Qd3 Rc7 33.
Kg2 Rc4 34. Kf3 Qb5 35. Rfe2 a5 36. h4 a4 37. Rh2 Rec8 38. e5 g5 39. Ra1 a3
40. Rxa3 Rxc3 41. Qxc3 Rxc3+ 42. Bxc3 Qf1+ 0-1

[Event "ECC"]
[Site "Rethymnon GRE"]
[Date "2003.09.29"]
[Round "2"]
[White "Walek,M"]
[Black "Plakalovic,P"]
[Result "1-0"]
[WhiteElo "2332"]
[BlackElo "2168"]
[EventDate "2003.09.28"]

1. e4 e5 2. Bc4 Nf6 3. d3 Bc5 4. Nc3 O-O 5. Be3 Bxe3 6. fxe3 c6 7. Bb3 d6
8. Nf3 a5 9. O-O Nbd7 10. a4 Nc5 11. Bc4 Be6 12. Bxe6 Nxe6 13. Qe1 Qb6 14.
b3 Ng4 15. Nd1 f5 16. exf5 Rxf5 17. h3 Nh6 18. Nb2 Nf7 19. Nc4 Qa7 20. Kh2
Qb8 21. e4 Rf6 22. Nb6 Rxf3 23. Rxf3 Ra6 24. Nc4 Neg5 25. Rf5 g6 26. Rf6 d5
27. Nd2 Qd8 28. Qf2 dxe4 29. dxe4 Nd6 30. Rf1 Ra8 31. Qe3 Ngf7 32. R6f2 Qe7
33. Nc4 Nxc4 34. bxc4 Ng5 35. Rf6 Ne6 36. Rf7 Qxf7 37. Rxf7 Kxf7 38. Qb6
Nd8 39. Qc7+ Kf6 40. Qxh7 Nf7 41. Qh4+ Ke6 42. Qg4+ Ke7 43. Qxg6 Rd8 44.
Qg3 Rd4 45. Qb3 Rd7 46. c5 Nd8 47. Qg3 Nf7 48. Qc3 Rd4 49. Qxa5 Kd7 50. Qa7
Nd8 51. a5 Ra4 52. c4 Kc8 53. Qb6 Ne6 54. Qb2 Rxa5 55. Qxe5 Nxc5 56. h4 b6
57. Qd6 Kb7 58. e5 Na6 59. h5 Ra4 60. Qd3 Nc5 61. Qc2 Rb4 62. h6 b5 63. h7
1-0

[Event "ECC"]
[Site "Rethymnon GRE"]
[Date "2003.09.29"]
[Round "2"]
[White "Gretarsson,H"]
[Black "Hellsten,J"]
[Result "1/2-1/2"]
[WhiteElo "2513"]
[BlackElo "2511"]
[EventDate "2003.09.28"]

1. d4 Nf6 2. c4 c6 3. Nc3 d5 4. e3 a6 5. Qc2 e6 6. Nf3 c5 7. cxd5 exd5 8.
dxc5 Bxc5 9. Ne2 Bb4+ 10. Bd2 Bxd2+ 11. Qxd2 Ne4 12. Qd4 O-O 13. Nc3 Nxc3
14. Qxc3 Nc6 15. Be2 Be6 16. O-O Rc8 17. a3 a5 18. Rac1 Qb6 19. Rfd1 h6 20.
Qd2 Rfd8 21. Rc3 Rd6 22. Nd4 Nxd4 23. Rxc8+ Bxc8 24. Qxd4 Qxd4 25. Rxd4 Be6
26. Bb5 Kf8 27. Kf1 Ke7 28. Ke2 Rb6 29. a4 Rd6 30. Kd3 Rd8 31. b4 Bf5+ 32.
Kd2 axb4 33. Rxb4 Kd6 34. Be2 Kc7 35. Kc3 Bd7 36. Rf4 Be6 37. h4 Kd6 38. h5
Rc8+ 39. Kb2 Rc5 40. Bb5 Ke7 41. g4 b6 42. Bd3 Bd7 43. f3 Be8 44. Rd4 Bd7
45. Bc2 Bc6 46. Bb3 b5 47. axb5 Rxb5 48. Kc3 Rc5+ 49. Kd2 Ra5 50. Rf4 Bd7
51. e4 Be6 52. exd5 Bxd5 53. Bxd5 Rxd5+ 1/2-1/2

[Event "ECC"]
[Site "Rethymnon GRE"]
[Date "2003.09.29"]
[Round "2"]
[White "Brynell,S"]
[Black "Sigfusson,S"]
[Result "1/2-1/2"]
[WhiteElo "2511"]
[BlackElo "2323"]
[EventDate "2003.09.28"]

1. e4 e5 2. Nf3 Nc6 3. Bb5 f5 4. Nc3 fxe4 5. Nxe4 d5 6. Nxe5 dxe4 7. Nxc6
Qg5 8. Qe2 Nf6 9. f4 Qxf4 10. Ne5+ c6 11. d4 Qh4+ 12. g3 Qh3 13. Bc4 Be6
14. Bg5 O-O-O 15. O-O-O Bd6 16. Bxe6+ Qxe6 17. Qc4 Rhe8 18. Qxe6+ Rxe6 19.
Nc4 Be7 20. Rhe1 Ng4 21. Bxe7 Rxe7 22. Re2 Red7 23. h3 Rxd4 24. Rxd4 Rxd4
25. Rxe4 Rd1+ 26. Kxd1 Nf2+ 27. Ke2 Nxe4 28. Kf3 Ng5+ 29. Kg4 Ne6 30. c3
Kd7 31. Kf5 Ke7 32. h4 Nc5 33. b3 g6+ 34. Ke5 b6 35. Kd4 Ke6 36. Ne3
1/2-1/2

[Event "ECC"]
[Site "Rethymnon GRE"]
[Date "2003.09.29"]
[Round "2"]
[White "Asmundsson,I"]
[Black "Ahlander,B"]
[Result "0-1"]
[WhiteElo "2321"]
[BlackElo "2393"]
[EventDate "2003.09.28"]

1. e4 c5 2. Nf3 e6 3. Nc3 Nc6 4. Bb5 Nge7 5. O-O a6 6. Bxc6 Nxc6 7. b3 Be7
8. Bb2 Bf6 9. Na4 Bxb2 10. Nxb2 e5 11. c3 d6 12. h3 O-O 13. d4 Qf6 14. dxc5
dxc5 15. Nc4 Be6 16. Qe2 b5 17. Ncd2 Rfd8 18. Rfd1 Ne7 19. Qe3 Ng6 20. Nf1
Nf4 21. Ng3 c4 22. b4 Rd3 23. Rxd3 cxd3 24. a4 Rc8 25. axb5 axb5 26. Ra3 h6
27. Kh2 Qd8 28. Qd2 f6 29. Nf1 Rc4 30. Ng3 Qc8 31. Ne1 Qd7 32. Ra5 Kh7 33.
Ra3 Qc8 34. Kg1 Rc6 35. Nf1 Rxc3 36. Rxc3 Qxc3 37. g3 Nxh3+ 38. Kg2 Qd4 39.
Nxd3 Qxe4+ 40. f3 Qd4 41. Qe3 Qd5 42. Nc5 Bf5 43. Nd2 Ng5 44. Kf2 Ne6 45.
g4 Bg6 46. Nxe6 Qxe6 47. Ne4 Qa2+ 48. Kg3 Qb1 49. Nd6 Qxb4 50. Qb6 Qf4+ 51.
Kg2 b4 0-1

[Event "ECC"]
[Site "Rethymnon GRE"]
[Date "2003.09.29"]
[Round "2"]
[White "Helgason,R"]
[Black "Bjornsson,S"]
[Result "0-1"]
[WhiteElo "2336"]
[BlackElo "2302"]
[EventDate "2003.09.28"]

1. d4 Nf6 2. Nf3 g6 3. Bg5 Bg7 4. Nbd2 c5 5. Bxf6 Bxf6 6. Ne4 Bxd4 7. Nxd4
cxd4 8. Qxd4 O-O 9. c4 Nc6 10. Qd2 d6 11. Nc3 Qa5 12. e4 Be6 13. Nd5 Qxd2+
14. Kxd2 Rac8 15. Rc1 f5 16. Nf4 Bd7 17. exf5 Rxf5 18. Nd3 e5 19. f3 Nd4
20. c5 d5 21. Ke3 Nc6 22. Be2 Re8 23. Rhe1 Nd4 24. Bd1 Bc6 25. a4 Rff8 26.
Nb4 a5 27. Nxc6 bxc6 28. Kd3 Rf4 29. g3 Nxf3 30. gxf4 Nxe1+ 31. Kd2 exf4
32. Bg4 h5 33. Be2 Ng2 34. Rg1 Nh4 35. Bxh5 Kf7 36. Bg4 Re4 37. Bd7 Nf3+
0-1

[Event "ECC"]
[Site "Rethymnon GRE"]
[Date "2003.09.29"]
[Round "2"]
[White "Edvardsson,K"]
[Black "Eriksson,Mag1"]
[Result "1/2-1/2"]
[WhiteElo "2253"]
[BlackElo "2322"]
[EventDate "2003.09.28"]

1. c4 Nf6 2. Nc3 d5 3. cxd5 Nxd5 4. g3 g6 5. Bg2 Nb6 6. h4 h5 7. Nh3 Bg7 8.
O-O O-O 9. d3 Nc6 10. Ng5 Nd4 11. e3 Nf5 12. Qc2 e5 13. b3 c6 14. Ba3 Re8
15. Rac1 f6 16. Nf3 Bh6 17. Ne4 Nd5 18. Rcd1 Kg7 19. Bc1 Bxe3 20. fxe3
Ndxe3 21. Qd2 Qc7 22. Bh3 Nxf1 23. Rxf1 Rh8 24. Kh2 c5 25. Bb2 Re8 26. Bc1
Rh8 27. Bb2 Re8 1/2-1/2

[Event "ECC"]
[Site "Rethymnon GRE"]
[Date "2003.09.29"]
[Round "2"]
[White "Carlsson,D"]
[Black "Halldorsson,Br"]
[Result "1-0"]
[WhiteElo "2301"]
[BlackElo "2238"]
[EventDate "2003.09.28"]

1. e4 c6 2. d4 d5 3. exd5 cxd5 4. c4 Nf6 5. Nc3 e6 6. Nf3 Be7 7. cxd5 Nxd5
8. Bd3 O-O 9. h4 Nf6 10. Bg5 Nbd7 11. Qc2 h6 12. O-O-O a6 13. Rh3 h5 14.
Qe2 Ng4 15. Kb1 Re8 16. Nh2 Bxg5 17. hxg5 Qxg5 18. Ne4 Qe7 19. Rxh5 Ngf6
20. Rh4 Nxe4 21. Rxe4 b5 22. Nf3 Bb7 23. Re3 Bxf3 24. Qxf3 Nf6 25. Qh3 g6
26. Rh1 Kf8 27. Qh6+ 1-0

[Event "ECC"]
[Site "Rethymnon GRE"]
[Date "2003.09.29"]
[Round "2"]
[White "Christensen,To"]
[Black "Glek,I"]
[Result "0-1"]
[WhiteElo "2371"]
[BlackElo "2566"]
[EventDate "2003.09.28"]

1. c4 e5 2. g3 Nf6 3. Bg2 h6 4. d4 e4 5. Nc3 Bb4 6. Qb3 Nc6 7. d5 Nd4 8.
Qd1 Bxc3+ 9. bxc3 Nf5 10. f3 Qe7 11. fxe4 Nd6 12. Ba3 Qe5 13. Qd3 Ndxe4 14.
Rc1 d6 15. Nf3 Qe7 16. O-O O-O 17. Nd2 Nxd2 18. Qxd2 Re8 19. e4 Ng4 20. c5
dxc5 21. c4 Ne5 22. Bb2 b6 23. Rf4 f6 24. Qe2 a5 25. a3 Rb8 26. Bc3 a4 27.
Kh1 Qf7 28. Bf3 Qe7 29. Bg2 Bb7 30. Rb1 Qf7 31. Bf3 Re7 32. Bxe5 Rxe5 33.
Bg4 Rbe8 34. Bh5 Qxh5 35. Qf3 Qf7 36. Rf1 Qg6 37. Rg4 Rg5 38. Rf4 h5 39.
Rf5 Re5 40. Rxg5 Qxg5 41. Qd3 Qg4 42. Rf4 Qd7 43. Rf5 Qe7 44. Rxe5 Qxe5 45.
Kg2 g6 46. Qe2 Qe8 47. Kf3 Kg7 48. Qd2 Qd7 49. Kg2 Qg4 50. Qc2 h4 51. Qd3
Kf7 52. Qe3 h3+ 53. Kf2 f5 54. exf5 Qxf5+ 55. Ke2 Kf6 56. Kd1 Qb1+ 57. Ke2
Qb2+ 58. Kf3 Qb3 59. Ke2 Qxe3+ 60. Kxe3 c6 61. Kd3 b5 62. Kc3 b4+ 63. axb4
cxb4+ 0-1

[Event "ECC"]
[Site "Rethymnon GRE"]
[Date "2003.09.29"]
[Round "2"]
[White "Jelling,E"]
[Black "Meessen,R"]
[Result "1-0"]
[WhiteElo "2400"]
[BlackElo "2279"]
[EventDate "2003.09.28"]

1. c4 g6 2. g3 Bg7 3. Bg2 d6 4. d4 Nf6 5. Nc3 O-O 6. e3 c5 7. Nge2 Nc6 8.
O-O cxd4 9. exd4 Bf5 10. h3 h5 11. b3 a6 12. d5 Na5 13. Nd4 Qd7 14. Kh2
Rab8 15. Ba3 Rbe8 16. Qd2 b6 17. f3 Kh7 18. Rad1 Qc8 19. Na4 Qb7 20. Nxf5
gxf5 21. Bb4 Bh6 22. Qd3 Rg8 23. Qxf5+ Rg6 24. Bc3 Qc7 25. g4 e6 26. dxe6
fxe6 27. Qd3 d5+ 28. Kh1 dxc4 29. bxc4 Qg3 30. Be1 Qc7 31. Bh4 Qxc4 32.
Nxb6 Qxd3 33. Rxd3 Nc6 34. f4 Nb4 35. Rb3 Bf8 36. Bxf6 Rxf6 37. Nd7 Kg7 38.
Nxf8 Nxa2 39. Nd7 Rf7 40. Nc5 a5 41. Re3 hxg4 42. hxg4 Nb4 43. Nxe6+ Kf6
44. g5+ Kg6 45. f5+ 1-0

[Event "ECC"]
[Site "Rethymnon GRE"]
[Date "2003.09.29"]
[Round "2"]
[White "Huesmann,T"]
[Black "Ochsner,T"]
[Result "1/2-1/2"]
[WhiteElo "2282"]
[BlackElo "2362"]
[EventDate "2003.09.28"]

1. e4 e5 2. Nf3 Nc6 3. Bc4 Bc5 4. c3 Nf6 5. d3 O-O 6. b4 Bb6 7. a4 a6 8.
O-O d6 9. h3 Ne7 10. Bg5 Ng6 11. Nbd2 h6 12. Be3 Bxe3 13. fxe3 d5 14. Bb3
Be6 15. Bc2 dxe4 16. Nxe4 Nxe4 17. dxe4 Qe8 18. Qe1 Rd8 19. Qg3 Bc4 20.
Rfd1 Qe6 21. h4 Bb3 22. Bxb3 Qxb3 23. Rdc1 Rfe8 24. h5 Nf8 25. Nxe5 Ne6 26.
Nf3 Rd3 27. Qe1 Ng5 28. Nxg5 hxg5 29. Qg3 Rxe4 30. Qxc7 Qe6 31. Qxb7 Rexe3
32. Rf1 Re2 33. Rf3 Rdd2 34. Rg3 f5 35. Rf1 Re1 36. Rgf3 f4 37. Rxe1 Qxe1+
38. Rf1 Qe3+ 39. Kh1 Qxc3 40. Qxa6 Qxb4 41. Qe6+ Kh8 42. Qe8+ Kh7 43. Qg6+
Kg8 44. Qxg5 Qxa4 45. Qg4 Qd7 46. Qxf4 Rd1 47. Qc4+ Kh8 48. Kh2 Rxf1 49.
Qxf1 Qg4 50. Qf3 Qh4+ 51. Qh3 Qf2 52. Qg4 Kh7 53. Qg6+ Kh8 54. Qe8+ Kh7 55.
Qe4+ Kh8 56. Kh3 Qf1 57. Kh4 Qh1+ 58. Kg5 Qc1+ 59. Qf4 Qc5+ 60. Kh4 Qe7+
61. Kh3 Qa3+ 62. g3 Qd3 63. Kh4 Qe2 64. Qf8+ Kh7 65. Qf4 Qe7+ 66. Qg5 Qe4+
67. Qf4 Qxf4+ 68. gxf4 Kg8 69. Kg4 Kf8 70. Kg5 Kf7 71. Kf5 Ke7 72. Kg4 Kf6
73. f5 Ke7 74. Kf3 Kf6 75. Kf4 Ke7 76. Kg5 1/2-1/2

[Event "ECC"]
[Site "Rethymnon GRE"]
[Date "2003.09.29"]
[Round "2"]
[White "Solozhenkin,E"]
[Black "Teterev,V"]
[Result "1-0"]
[WhiteElo "2523"]
[BlackElo "2497"]
[EventDate "2003.09.28"]

1. d4 Nf6 2. c4 g6 3. g3 Bg7 4. Bg2 O-O 5. Nc3 d6 6. Nf3 Nc6 7. O-O a6 8.
Qd3 Bd7 9. d5 Nb4 10. Qd1 a5 11. e4 c6 12. a3 Na6 13. dxc6 Bxc6 14. Nd4 Bd7
15. a4 Ng4 16. Rb1 Nc5 17. b3 Ne5 18. h3 f5 19. exf5 gxf5 20. Ndb5 Bc6 21.
Nd5 Ncd3 22. Bg5 Rf7 23. Qe2 Nc5 24. Rfd1 Qf8 25. f4 Ng6 26. h4 h6 27. h5
Ne5 28. Bh4 Bxd5 29. Bxd5 Nc6 30. Bxf7+ Qxf7 31. Kg2 Rc8 32. Rd5 Nb4 33.
Rxc5 dxc5 34. Qxe7 Bf8 35. Qxf7+ Kxf7 36. Rd1 Ke6 37. Re1+ Kd7 38. Re5 Nc2
39. Rd5+ Ke6 40. Kf2 Bg7 41. Rd6+ Kf7 42. Rd2 Nd4 43. Rxd4 cxd4 44. Nd6+
Ke6 45. Nxc8 d3 46. Nb6 Bd4+ 47. Ke1 1-0